000 00539nam a2200193Ia 4500
008 120917t1993 xxu||||| |||| 00| 0 sin d
041 _asin
080 _a8 - 31 (Pransa)
_bFLA
100 _aFlaubert,Gustave
245 _aඑමා බොවාරි
246 _aEmma Bovary
260 _aPradeepa
_aColombo
_c1993
300 _b383p, 21 cm
500 _aSinhalese Translation of Gustave Flaubert's of Madame Bovary
700 _aPerera,Cyril C.
_etr.
942 _cBK
999 _c40726
_d40726
003 LK-CoDNM
040 _aLK-CoDNM
_dLK-CoDNM
_eLK-CoDNM